Le joueur avec la plus haute valeur marchande par club de LdC - Statistiques

Statistiques générales
  • Ce quiz a été pris 56 fois
  • Le résultat moyen est 20 sur 36
Statistiques - réponses
Equipe Joueur Nationalité % Correct
Real Madrid CF Kylian Mbappé Français
100%
Arsenal FC Bukayo Saka Anglais
98%
Manchester City Erling-Braut Haaland Norvégien
98%
FC Barcelona Lamine Yamal Espagnol
98%
Liverpool FC Florian Wirtz Allemand
96%
Paris Saint-Germain Ousmane Dembélé Français
96%
Newcastle United Alexander Isak Suédois
94%
Internazionale Milano Lautaro Martínez Argentin
94%
Chelsea FC Cole Palmer Anglais
92%
Atlético Madrid Julián Álvarez Argentin
88%
Galatasaray SK Victor Osimhen Nigérian
86%
FC Bayern München Jamal Musiala Allemand
84%
Juventus Torino Jonathan David Canadien
80%
Olympique de Marseille Mason Greenwood Anglais
80%
Athletic Bilbao Nico Williams Espagnol
80%
Union Saint-Gilloise Promise David Canadien
80%
Atalanta Bergamo Ademola Lookman Nigérian
76%
RB Leipzig Xavi Simons Néerlandais
76%
SSC Napoli Scott McTominay Écossais
72%
AS Monaco Maghnes Akliouche Français
68%
Bayer Leverkusen Piero Hincapié Équatorien
48%
Borussia Dortmund Karim Adeyemi Allemand
40%
SL Benfica Vangelis Pavlidis Grec
40%
Club Brugge KV Joel Ordóñez Équatorien
20%
Eintracht Frankfurt Hugo Larsson Suédois
16%
Sporting CP Morten Hjulmand Danois
16%
FC Copenhague Youssoufa Moukoko Allemand
16%
Villarreal CF Renato Veiga Portugais
12%
PSV Eindhoven Ismael Saibari Marocain
10%
Ajax Amsterdam Kenneth Taylor Néerlandais
8%
Olympiakos Le Pirée Christos Mouzakitis Grec
2%
FK Bodø/Glimt Fredrik Sjøvold Norvégien
2%
SK Slavia Praha Christos Zafeiris Grec
0%
Qarabağ FK Leandro Andrade Capverdien
0%
Pafos FC Pêpê Portugais
0%
FK Kairat Almaty Valeriy Gromyko Biélorusse
0%
Aucun quiz correspondant
Distribution des résultats
% des personnes avec chaque résultat
Percentile par nombre de réponses
Votre historique - résultats
Vous n’avez pas pris ce quiz